|
|
|
|
| LEADER |
01489ppm a22003618a 4500 |
| 001 |
00031783 |
| 005 |
20171026081025.0 |
| 008 |
140217s2011 ||||||viesd |
| 041 |
0 |
# |
|a vie
|
| 082 |
1 |
4 |
|b TH552TR
|a 373.1
|
| 100 |
0 |
# |
|a Trần, Song Hào
|
| 245 |
1 |
0 |
|a Thực trạng, giải pháp hạn chế về bạo lực học đường ở trường Trung học cơ sở Mỹ Trà- xã Mỹ Trà, Thành phố Cao Lãnh, Đồng Tháp
|b Khóa luận tốt nghiệp : Ngành Công tác xã hội: Trình độ : Đại học
|c Trần Song Hào, Nguyễn Ngọc Ân; Vũ Thị Phương (hướng dẫn)
|
| 260 |
# |
# |
|b Trường Đại học Đồng Tháp
|c 2011
|a Đồng Tháp
|
| 300 |
# |
# |
|e 1 bản tóm tắt
|a 57 tr. +phụ lục
|c 30 cm.
|
| 500 |
# |
# |
|a ĐTTTS ghi: Bộ Giáo dục và Đào tạo. Trường Đại học Đồng Tháp
|
| 653 |
# |
# |
|a Bạo lực học đường
|
| 653 |
# |
# |
|a Giải pháp
|
| 653 |
# |
# |
|a Đồng Tháp
|
| 653 |
# |
# |
|a Trung học cơ sở
|
| 653 |
# |
# |
|a Thực trạng
|
| 653 |
# |
# |
|a Mỹ Trà
|
| 700 |
1 |
# |
|a Nguyễn, Ngọc Ân
|
| 700 |
1 |
# |
|a Vũ, Thị Phương
|e hướng dẫn
|
| 852 |
# |
# |
|j KD.0015368
|
| 852 |
# |
# |
|b Kho đọc
|j KD.0015368
|
| 910 |
0 |
# |
|d 26/02/2014
|
| 980 |
# |
# |
|a Trung tâm Học liệu Lê Vũ Hùng, Trường Đại học Đồng Tháp
|